000 00343nam a2200145 i 4500
001 bg
245 0 _aEkonomika pracy /
_cpod red. Alicji Sajkiewicz.
260 _aWarszawa,
_c1977.
700 1 _aSajkiewicz, Alicja.
_eRed.
040 _cBPK
041 _apol
080 _a331.01
942 _cKS
008 s pl f |000 0 pol
999 _c27817
_d27817
856 _uhttp://koha.tu.koszalin.pl/cgi-bin/koha/opac-detail.pl?biblionumber=27817
_yKatalog online BPK